| 000 | 00419nam a2200181Ia 4500 | ||
|---|---|---|---|
| 005 | 20250423101517.0 | ||
| 008 | 250422s9999 xx 000 0 und d | ||
| 020 | _a978240019 | ||
| 050 | _aKC 2000 .A4/ | ||
| 100 | _aAgbede, I. Oluwole | ||
| 245 | 0 | _aThemes on conflict of law | |
| 260 | _aIbadan | ||
| 260 | _bShaneson C.I. Ltd. | ||
| 260 | _c1989 | ||
| 300 | _a306 p | ||
| 650 | _aconflict law. | ||
| 942 | _cBK | ||
| 999 |
_c36501 _d36501 |
||